MONEY BANKING AND INTERNATIONAL TRADE (Record no. 8462)
[ view plain ]
| 000 -LEADER | |
|---|---|
| fixed length control field | 00379cam a2200169ua 4500 |
| 008 - FIXED-LENGTH DATA ELEMENTS--GENERAL INFORMATION | |
| fixed length control field | 110809n II |||gr||||Z||||||eng |
| 040 ## - CATALOGING SOURCE | |
| Original cataloging agency | MAIN |
| 041 ## - LANGUAGE CODE | |
| -- | English |
| 082 ## - DEWEY DECIMAL CLASSIFICATION NUMBER | |
| Classification number | 332.4 SET |
| 100 ## - MAIN ENTRY--PERSONAL NAME | |
| Personal name | SETH , M.L . |
| 245 ## - TITLE STATEMENT | |
| Title | MONEY BANKING AND INTERNATIONAL TRADE |
| 250 ## - EDITION STATEMENT | |
| Edition statement | 5TH. |
| 260 ## - PUBLICATION, DISTRIBUTION, ETC. | |
| Place of publication, distribution, etc. | [s.l: |
| Name of publisher, distributor, etc. | s.n.] |
| Date of publication, distribution, etc. | 1985. |
| 300 ## - PHYSICAL DESCRIPTION | |
| Extent | 770. |
| -- | 667. |
| 942 ## - ADDED ENTRY ELEMENTS (KOHA) | |
| Koha item type | Books |
| Withdrawn status | Lost status | Damaged status | Not for loan | Collection code | Home library | Current library | Shelving location | Date acquired | Full call number | Barcode | Date last seen | Copy number | Price effective from | Koha item type | Public note |
|---|---|---|---|---|---|---|---|---|---|---|---|---|---|---|---|
| TBECO | Central Library and Information Centre Sibsagar Girls College | Central Library and Information Centre Sibsagar Girls College | Economics Rack | 20.04.1983 | 332.4 SET | 07658 | 27.02.2020 | 1 | 27.02.2020 | Books | |||||
| Withdrawn | REFECO | Central Library and Information Centre Sibsagar Girls College | Central Library and Information Centre Sibsagar Girls College | Staff Office | 20.04.1983 | 332.4 SET | 07659 | 27.02.2020 | 2 | 27.02.2020 | Books | V |